000 00512nam a22001937a 4500
003 MPLRDC
005 20220104190012.0
008 210129b ||||| |||| 00| 0 eng d
020 _a978-986-216-572-0
082 _a191.9 DJXY
100 _a大津秀一
245 _a死前会后悔的25件事
_c詹慕如 译
250 _a一版四刷
260 _a台湾
_b天下远见出版股份有限公司
_c2010
300 _b
490 _a心理励志 268
650 _a生死学
942 _cBK
_o191.9 DJXY
999 _c63582
_d63572